000 01736cam a2200157 4500500
005 20251214004009.0
041 _afre
042 _adc
100 1 0 _aEngels, Jens Ivo
_eauthor
700 1 0 _aMonier, Frédéric
_eauthor
700 1 0 _aPetiteau, Natalie
_eauthor
245 0 0 _aLa politique vue d'en bas : Pratiques privées et débats publics - 19e-20e siècles
260 _bArmand Colin,
_c2012.
520 _aPremier volume d’une série consacrée à l’étude des coulisses du politique à l’époque contemporaine, ce livre collectif est consacré à une histoire comparatiste du politique dans l’espace européen. Deux grandes questions sont examinées ici : les formes d’apprentissage de la politique en Europe au temps du Premier Empire d’un côté, les débats publics sur la corruption politique et l’évolution des pratiques de faveur, en France et en Allemagne, de l’autre. Il s’agit, dans les deux cas, de chercher à savoir comment s’est formé l’homo politicus à l’époque contemporaine, et comment il en est venu à définir le bien commun, en actes et en discours. Au-delà d’une grande diversité dans les terrains d’enquête, ces études dessinent une histoire où les acteurs ordinaires entretiennent des relations complexes avec les gouvernants, où les sphères publiques, si souvent conflictuelles, abritent pamphlets et rumeurs, et où les pratiques de pouvoir révèlent l’existence de normes ambivalentes, voire contradictoires. Autant de jalons pour une nouvelle anthropologie historique du politique à l’échelle européenne.
856 4 1 _uhttps://shs.cairn.info/la-politique-vue-d-en-bas-pratiques-privees-debats--9782200274351?lang=fr&redirect-ssocas=7080
999 _c1568112
_d1568112